000 00714nam a2200253Ia 4500
003 OSt
005 20220925174324.0
006 a|||||r|||| 00| 0
007 ta
008 220923b |||||||| |||| 00| 0 eng d
020 _a0883865300
037 _cGeneral Book
040 _aRTL
_cRTL
_beng
041 _2eng
_aeng
082 _aS2:5, L5
100 _aKureshi Afzal
_988800
245 0 _aAdolescent fantasy
_b A study of youth motivation
260 _aCalcutta
_bMinerva India
_c1975
300 _aviii, 136p.
_ccm.
500 _aBib p 111-19; Appendix p 118-33
650 _aChild Psychology
_913292
942 _hS2:5, L5
_cGB
_2CC
999 _c490665
_d490665